000
00269nam a22001217a 4500
008
140107t xxu||||| |||| 00| 0 eng d
020
_a
969-35-0904-8
100
_a
Bano Qudsiya
_9
542
245
_a
Chaar chaman
246
_a
char chaman
300
_a
250
942
_2
ddc
_c
BK
999
_c
16813
_d
16813